A collection of problems on complex analysis /
Guardado en:
| Autor Principal: | |
|---|---|
| Otros Autores: | , |
| Formato: | Libro |
| Idioma: | English Russian |
| Publicado: |
Oxford : Reading, Mass. :
Pergamon Press ; Addison-Wesley,
1965.
|
| Edición: | [1st English ed.]. |
| Series: | International series of monographs in pure and applied mathematics ;
v. 68 |
| Materias: | |
| Etiquetas: |
Agregar Etiqueta
Sin Etiquetas, Sea el primero en etiquetar este registro!
|
| LEADER | 01277cam a22002771a 4500 | ||
|---|---|---|---|
| 001 | MAT.inmabb002789 | ||
| 008 | 740731s1965####enka##########000#0#eng## | ||
| 005 | 20130308092005.0 | ||
| 245 | 1 | 2 | |a A collection of problems on complex analysis / |c L. I. Volkolvyskii, G. L. Lunts, I. G. Aramanovich ; translated by J. Berry ; translation edited by T. Kovari. |
| 250 | |a [1st English ed.]. | ||
| 260 | |a Oxford : |b Pergamon Press ; |a Reading, Mass. : |b Addison-Wesley, |c 1965. | ||
| 300 | |a x, 426 p. : |b il. ; |c 22 cm. | ||
| 440 | 0 | |a International series of monographs in pure and applied mathematics ; |v v. 68 | |
| 500 | |a Traducción de: Sbornik zadach po teorii funktsii kompleksnogo peremennogo (1960). | ||
| 500 | |a Contiene 1510 problemas. Answers and solutions: p. 274-426. | ||
| 510 | 4 | |a MR, |c 42 #472 | |
| 100 | 1 | |a Volkovyskii, L. I. |q (Lev Izrailevich) | |
| 240 | 1 | 0 | |a Sbornik zadach po teorii funktsii kompleksnogo peremennogo. |l Inglés |
| 700 | 1 | |a Lunts, G. L. |q (Grigorii L´vovich) | |
| 700 | 1 | |a Aramanovich, I. G. |q (Isaak Genrikhovich) | |
| 650 | 0 | |a Functions of complex variables |x Problems, exercises, etc. | |
| 084 | |a 30-01 (00A07) |2 msc2000 | ||
| 010 | |a 63010082 | ||
| 040 | |a DLC |c TxU-Da |d NcU |d Uk |d DLC | ||
| 041 | 1 | |a eng |h rus | |
| 859 | |h 30 |i V921 |p A-2612 |b BIB. MATEMATICA | ||
